000 00315nam a22001217a 4500
008 230606b xxu||||| |||| 00| 0 eng d
082 _a352.4
_bKEN
110 _bMinistry of Finance
245 _aQuarterly Budget review
_bFirst quarter 2006/2007
250 _aDecember, 2006 Edition
300 _a25p
942 _2ddc
_cBK
999 _c605
_d605